000 00526nam a2200169Ia 4500
999 _c36260
_d36260
003 OSt
005 20201221130958.0
008 190216s9999||||xx |||||||||||||| ||und||
040 _coclc
082 _a423
_bWEB/W
100 _aWebster, Merriam
_96593
245 0 _aWebster's Encylopedic Unabridged Dictionary Of The English Language /
_cMerriam Webster
260 _bGramercy Books,
_c1989.
_aNew York:
300 _a1693p
650 _aEnglish Dictionary
942 _cREF
_2ddc
_h423
_iWEB/W
_k423
_mWEB/W